Unravelling Assam’s water woes: Exploring floods, erosion and disaster governance in the Brahmaputra valley (Record no. 531205)

000 -LEADER
fixed length control field 01693nam a22001457a 4500
008 - FIXED-LENGTH DATA ELEMENTS--GENERAL INFORMATION
fixed length control field 250801b ||||| |||| 00| 0 eng d
100 ## - MAIN ENTRY--PERSONAL NAME
Personal name Gogoi, Chuchengfa Das, Silu Senapati, Tulika and Narah, Uttam
245 ## - TITLE STATEMENT
Title Unravelling Assam’s water woes: Exploring floods, erosion and disaster governance in the Brahmaputra valley
260 ## - PUBLICATION, DISTRIBUTION, ETC. (IMPRINT)
Place of publication, distribution, etc Indian Journal of Public Administration
300 ## - PHYSICAL DESCRIPTION
Extent 71(2), Jun, 2025: p.287-302
520 ## - SUMMARY, ETC.
Summary, etc This study investigates the flooding and land erosion problems in Assam, with a specific emphasis on the June 2022 floods and the persistent difficulties in the area. The Brahmaputra valley in Assam is prone to frequent and severe floods, causing significant harm to infrastructure, livelihoods and human beings. The flood’s impact on Assam’s agrarian economy, which heavily depends on agriculture, is a topic of academic concern. Riverbank erosion is a significant threat that can displace populations and cause long-term challenges in addition to flooding. This article suggests that the present government’s strategies for mitigating disasters may be inadequate. The article investigates the efficacy of governmental measures in managing floods and riverbank erosion in Assam, with a specific emphasis on disaster governance. It also examines the governance model of recurrent disasters, identifying potential areas for improvement and providing valuable perspectives for academic research.- Reproduced

https://journals.sagepub.com/doi/full/10.1177/00195561251336856
650 ## - SUBJECT ADDED ENTRY--TOPICAL TERM
Topical term or geographic name as entry element Flood, Land erosion, Assam, Disaster governance, Brahmaputra valley.
9 (RLIN) 55910
773 ## - HOST ITEM ENTRY
Main entry heading Indian Journal of Public Administration
942 ## - ADDED ENTRY ELEMENTS (KOHA)
Item type Articles
Holdings
Withdrawn status Lost status Source of classification or shelving scheme Damaged status Not for loan Permanent location Current location Date acquired Serial Enumeration / chronology Barcode Date last seen Koha item type
          Indian Institute of Public Administration Indian Institute of Public Administration 2025-08-01 71(2), Jun, 2025: p.287-302 AR136914 2025-08-01 Articles

Powered by Koha